| 000 | 00602nam a22002177a 4500 | ||
|---|---|---|---|
| 001 | BD-DhSAU 6581 | ||
| 003 | BD-DhSAU | ||
| 005 | 20150510115730.0 | ||
| 008 | 150416b1995 ii a||||r|||| 000 0 eng d | ||
| 020 | _a8174880089 | ||
| 040 | _aBD-DhSAU | ||
| 082 |
_222 _a630.3 _bENC |
||
| 245 |
_aEncyclopedia of agricultural science vol. 1 / _cEdited by Gurdeep Raj. |
||
| 260 |
_aNew Delhi : _bAnmol Publications, _cc1995. |
||
| 300 |
_avi, 275 p. : _bill. ; _c22 cm. |
||
| 440 | _vVol. 1 | ||
| 590 | _aJerin | ||
| 650 | _aHorticulture. | ||
| 650 |
_aAgriculture. _vEncyclopedias. |
||
| 700 | _aRaj, Gurdeep | ||
| 942 |
_2ddc _cBOOK |
||
| 999 |
_c6581 _d6581 |
||